[Event "Biel MTO op"]
[Site "Biel"]
[Date "2000.07.28"]
[Round "5"]
[White "Yates Doerr, Riley"]
[Black "Guenther, Thomas"]
[Result "1-0"]
[WhiteElo "2250"]
[BlackElo "2138"]
[PlyCount "49"]
[EventDate "2000.07.24"]
[EventType "swiss"]
[EventRounds "11"]
[EventCountry "SUI"]
[SourceTitle "CBM 077 Extra"]
[Source "ChessBase"]
[SourceDate "2000.09.14"]
[SourceVersion "1"]
[SourceVersionDate "2000.09.14"]
[SourceQuality "1"]

1. Nf3 Nf6 2. c4 e6 3. Nc3 d5 4. d4 c6 5. e3 Bd6 6. Bd3 a6 7. 0-0 0-0 8. e4 dxe4 9. Nxe4 Nxe4 10. Bxe4 Be7 11. Bc2 Nd7 12. Qd3 g6 13. Bh6 Re8 14. Rad1 Bf6 15. Rfe1 Qc7 16. Qe3 b5 17. c5 Bb7 18. Bf4 Qd8 19. Ng5 Bxg5 20. Bxg5 Qc7 21. Bf4 Qd8 22. Qg3 Rc8 23. h4 a5 24. h5 b4 25. hxg6 1-0

[Event "Biel MTO op"]
[Site "Biel"]
[Date "2000.07.27"]
[Round "4"]
[White "Riazantsev, Alexander"]
[Black "Yates Doerr, Riley"]
[Result "1-0"]
[WhiteElo "2418"]
[BlackElo "2250"]
[PlyCount "67"]
[EventDate "2000.07.24"]
[EventType "swiss"]
[EventRounds "11"]
[EventCountry "SUI"]
[SourceTitle "CBM 077 Extra"]
[Source "ChessBase"]
[SourceDate "2000.09.14"]
[SourceVersion "1"]
[SourceVersionDate "2000.09.14"]
[SourceQuality "1"]

1. d4 Nf6 2. c4 e6 3. Nf3 b6 4. g3 Bb7 5. Bg2 Be7 6. 0-0 0-0 7. Nc3 Ne4 8. Bd2 Bf6 9. Rc1 c5 10. d5 exd5 11. cxd5 Nxd2 12. Nxd2 d6 13. Nde4 Be5 14. Re1 g6 15. f4 Bg7 16. Nb5 Ba6 17. Nexd6 f5 18. a4 Nd7 19. Nc4 Bxb5 20. axb5 a6 21. d6 axb5 22. Qd5+ Kh8 23. Ne5 Ra4 24. Nf7+ Rxf7 25. Qxf7 Bxb2 26. Rc2 Bg7 27. Bc6 Nb8 28. Bxb5 Rd4 29. Ra2 Rxd6 30. Ra8 Rf6 31. Qe8+ Rf8 32. Qxd8 Rxd8 33. e4 Bc3 34. Re2 1-0

[Event "Budapest FS07 IM-A"]
[Site "Budapest"]
[Date "2000.07.12"]
[Round "12"]
[White "Eriksson, Johan"]
[Black "Yates Doerr, Riley"]
[Result "1-0"]
[WhiteElo "2364"]
[BlackElo "2297"]
[PlyCount "55"]
[EventDate "2000.07.03"]
[EventType "tourn"]
[EventRounds "13"]
[EventCountry "HUN"]
[EventCategory "2"]
[SourceTitle "CBM 077 Extra"]
[Source "ChessBase"]
[SourceDate "2000.09.14"]
[SourceVersion "1"]
[SourceVersionDate "2000.09.14"]
[SourceQuality "1"]

1. d4 Nf6 2. c4 e6 3. Nc3 Bb4 4. Bg5 h6 5. Bh4 c5 6. d5 Bxc3+ 7. bxc3 d6 8. e3 e5 9. Qc2 Nbd7 10. Nf3 Qe7 11. Nd2 g5 12. Bg3 e4 13. h4 Rg8 14. hxg5 hxg5 15. Be2 Nf8 16. Rb1 Bf5 17. Qa4+ Bd7 18. Qa5 Bc8 19. Qa4+ Bd7 20. Qa3 Bc8 21. Rb6 axb6 22. Qxa8 Kd8 23. Rh6 Ng6 24. Qb8 Ne5 25. Rxf6 Qxf6 26. Nxe4 Qg6 27. Bxe5 Qxe4 28. Bxd6 1-0

[Event "Budapest FS07 IM-A"]
[Site "Budapest"]
[Date "2000.07.09"]
[Round "9"]
[White "Yates Doerr, Riley"]
[Black "Dudas, Janos"]
[Result "1/2-1/2"]
[WhiteElo "2297"]
[BlackElo "2321"]
[PlyCount "22"]
[EventDate "2000.07.03"]
[EventType "tourn"]
[EventRounds "13"]
[EventCountry "HUN"]
[EventCategory "2"]
[SourceTitle "CBM 077 Extra"]
[Source "ChessBase"]
[SourceDate "2000.09.14"]
[SourceVersion "1"]
[SourceVersionDate "2000.09.14"]
[SourceQuality "1"]

1. d4 d5 2. c4 c6 3. cxd5 cxd5 4. Nc3 Nc6 5. Nf3 Nf6 6. Bf4 Bf5 7. e3 a6 8. Bd3 Bxd3 9. Qxd3 e6 10. 0-0 Bd6 11. Bxd6 Qxd6 1/2-1/2

[Event "Budapest FS07 IM-A"]
[Site "Budapest"]
[Date "2000.07.06"]
[Round "6"]
[White "Erenburg, Sergey"]
[Black "Yates Doerr, Riley"]
[Result "0-1"]
[WhiteElo "2325"]
[BlackElo "2297"]
[PlyCount "77"]
[EventDate "2000.07.03"]
[EventType "tourn"]
[EventRounds "13"]
[EventCountry "HUN"]
[EventCategory "2"]
[SourceTitle "CBM 077 Extra"]
[Source "ChessBase"]
[SourceDate "2000.09.14"]
[SourceVersion "1"]
[SourceVersionDate "2000.09.14"]
[SourceQuality "1"]

1. e4 c6 2. d4 d5 3. e5 Bf5 4. Nf3 e6 5. Be2 Ne7 6. 0-0 Nd7 7. Nh4 c5 8. Bg5 Be4 9. Nc3 Qb6 10. Na4 Qc7 11. Nxc5 Nxc5 12. dxc5 Nc6 13. Be3 Be7 14. Nf3 Bxf3 15. Bxf3 Nxe5 16. b4 Nxf3+ 17. Qxf3 Bf6 18. Rac1 0-0 19. c4 d4 20. Bf4 e5 21. Bg3 Qe7 22. Rfe1 Rfe8 23. Re4 g6 24. Rce1 Bg7 25. Rxd4 exd4 26. Rxe7 Rxe7 27. h3 Rd8 28. Qd3 Re1+ 29. Kh2 Be5 30. Bxe5 Rxe5 31. h4 h5 32. Kg3 Kg7 33. a3 Rf5 34. a4 a5 35. c6 bxc6 36. b5 c5 37. Qd2 Rd6 38. Qxa5 d3 39. Qd2 0-1

[Event "Washington State-ch Premier"]
[Site "Seattle"]
[Date "2000.??.??"]
[Round "?"]
[White "Yates Doerr, Riley"]
[Black "Pupols, Viktors"]
[Result "1/2-1/2"]
[WhiteElo "2297"]
[BlackElo "2242"]
[PlyCount "87"]
[EventDate "2000.??.??"]
[EventType "swiss"]
[EventRounds "6"]
[EventCountry "USA"]
[SourceTitle "EXT 2002"]
[Source "ChessBase"]
[SourceDate "2001.11.25"]
[SourceVersion "1"]
[SourceVersionDate "2001.11.25"]
[SourceQuality "1"]

1. Nf3 d5 2. g3 Nf6 3. Bg2 g6 4. 0-0 Bg7 5. d4 0-0 6. c4 c6 7. cxd5 cxd5 8. Ne5 e6 9. Nc3 Nfd7 10. f4 Nc6 11. Be3 Nb6 12. Bf2 Ne7 13. Rc1 Bd7 14. Qd3 f6 15. Nf3 f5 16. Ne5 Nbc8 17. Rc2 Nd6 18. Rfc1 Nc6 19. Nxc6 Bxc6 20. e3 Qd7 21. Be1 Rfc8 22. Nb1 Bb5 23. Rxc8+ Rxc8 24. Rxc8+ Qxc8 25. Qc3 Qxc3 26. Bxc3 Bf8 27. Nd2 Ne4 28. Nxe4 dxe4 29. Bf1 Bxf1 30. Kxf1 Kf7 31. Ke2 Ke8 32. Kd2 Kd7 33. Ke2 Kc6 34. b3 Be7 35. h4 Kb5 36. Kd2 Bd6 37. Kc2 Kc6 38. Kd2 Ba3 39. Kc2 Kd5 40. Bb2 Be7 41. Bc3 h6 42. Bd2 g5 43. h5 Bf8 44. Bc3 1/2-1/2